000 00329nam a22001457a 4500
020 _a81-8014-029-6
041 _aENG
100 _aSingh .G
245 _a Water Supply And Sanitary Enhineering
260 _aDelhi
_bStandard PUB Distributors
_c1999
300 _a512
650 _aFS
700 _aSingh .J
856 _uFS (36)
999 _c863
_d863